Hatıra Notları 1916/ (Record no. 14301)

MARC details
000 -BAŞLIK
Sabit Uzunlukta Kontrol Alanı 00774nam a2200229 4500
999 ## - SİSTEM KONTROL NUMARALARI (KOHA)
Koha Biblionumber 14301
Koha Biblioitemnumber 14301
003 - KONTROL NUMARASI IDENTIFIER
Denetim Alanı MIRAKIL
005 - SON İŞLEM TARİHİ VE ZAMANI
Denetim Alanı 20201221153409.0
008 - SABİT-BOY VERİ ELEMANLARI - GENEL BİLGİLER
Sabit Uzunlukta Kontrol Alanı 201221b tu ||||| |||| 00| 0 tur d
020 ## - ULUSLARARASI STANDART KİTAP NUMARASI
Uluslararası Standart Kitap Numarası 9789752439627
040 ## - KATALOGLAMA KAYNAK
Orijinal Kataloglama Ajansı TR-AnCHP
Metne Dönüştürmek Ajansı TR-AnCHP
041 ## - DİL KODU
Metin / Ses Parça Veya Ayrı Başlığın Dil Kodu TUR
082 ## - DEWEY ONLU SINIFLANDIRMA NUMARASI
Sınıflandırma Numarası ATA 923.156
Ürün Numarası A72h 2018
100 1# - ANA GİRİŞ - KİŞİSEL İSİM
Kişisel Ad Atatürk, Gazi Mustafa Kemal
Bir Adıyla İlişkilendirilen Tarihler 1881-1938
245 10 - BAŞLIK TABLOSU
Başlık Hatıra Notları 1916/
Sorumluluk Tablosu, Vb Mustafa Kemal Atatürk; yayına hazırlayan Hakan Türkkan.
250 ## - EDITION TABLOSU
Baskı Beyanı 2 bs.
260 ## - YAYIN, DAĞITIM, VB
Yayın, Dağıtım, Vb Yeri İstanbul:
Yayıncı, Dağıtıcı, Vs Adı Kopernik Kitap,
Yayın, Dağıtım, Vb Tarihi 2018.
300 ## - FİZİKSEL TANIM
Kapsam 126 s.:
Boyutlar 21 sm.
490 0# - SERİSİ TABLOSU
Seri Beyanı Kopernik Kitap;
-- Tarih;
Hacim / Ardışık Tanımı 50.
-- 4.
600 14 - KONU KATMA GİRİŞ - KURUMSAL ADI
9 (RLIN) 1465
Kişisel Ad Atatürk, Gazi Mustafa Kemal
Başlıklar Ve Bir Adla İlişkili Diğer Kelimeler Türkiye Cumhuriyeti Cumhurbaşkanı
Bir Adıyla İlişkilendirilen Tarihler 1881-1938
Genel Alt Bölümü Anılar
700 ## - KATMA GİRİŞ - KİŞİSEL İSİM
9 (RLIN) 6652
Kişisel Ad Türkkan, Hakan
Relator Terim yay. haz.
942 ## - EKLENDİ GİRİŞ ELEMANLARI (KOHA)
Sınıflandırma Veya Raf Düzeni Kaynak Dewey Decimal Classification
Koha Öğesi Türü Books
Holdings
Kalıcı Konum Mevcut Konum Edinme Tarihi Toplam Check-Out'Lar Tam Çağrı Numarası Barkod Tarih Son Görülme İtibaren Geçerli Fiyatlar Sigara Kamu Notu Koha Öğesi Türü
CHP Kütüphanesi CHP Kütüphanesi 12/21/2020   ATA 923.156 A72h 2018 003841 12/21/2020 12/21/2020 Emine Başak Alkan Bağışıdır. Books